MCR - Danger Days Tracklist - Statistics

General Stats
  • This quiz has been taken 10 times
  • The average score is 12 of 15
Answer Stats
song % Correct
DESTROYA
100%
Look Alive, Sunshine
100%
Na Na Na (Na Na Na Na Na Na Na Na Na)
100%
Vampire Money
100%
Bulletproof Heart
86%
Jet-Star and the Kobra Kid / Traffic Report
86%
SING
86%
Summertime
86%
The Kids from Yesterday
86%
The Only Hope for Me is You
86%
Party Poison
71%
Planetary (GO!)
71%
S/C/A/R/E/C/R/O/W
71%
Goodnite, Dr. Death
57%
Save Yourself, I'll Hold Them Back
57%
No matching quizzes found
Score Distribution
Percent of People with Each Score
Percentile by Number Answered
Your Score History
You have not taken this quiz